00402nam a2200169Ia 450000500170000000800410001702000100005804000190006804100120008708200150009924500230011426000290013730000170016650400130018365000260019685000100022220250523115933.0131103s9999 xx 000 0 und d cRs.12 aLoreto College aEnglish a900/NbWBB aHistoryb ancient  aKolkatabW.B.B.S.Ec1994 a111p.b ill. aclass vi aHistory - ancient agg aLCBED